000 00766nam a2200229 a 4500
001 BRL_1923
005 20190320211433.0
008 180815s1990----u--o######---#000-0#eng-#
041 _aeng
044 _au
050 4 _aNK845.M5
_b.Q4 1990
245 1 0 _aQue lindo es Michoacán!
_btraditional and contemporary art from the state of Michoacan, Mexico, march23 through may 27, 1990
260 _aChicago, Il.
_bMexican Fine Arts Center Museum
_c1990
300 _a65 p.
_bil.
_c28 cm.
500 _aAu6
500 _aTexto en: inglés y español.
650 1 4 _aArte popular
_zMichoacán (México)
_925687
651 4 _aMichoacán (México)
_xVida social y costumbres
_928241
651 4 _aMichoacán (México)
_xHistoria
_928242
902 _aGRL
942 _2lcc
_cB
999 _c10731
_d10731